000 00333nam a2200145Ia 4500
008 151213s9999 xx 000 0 und d
100 _aS.L.Khanna
245 _aComparative Law
_cS.L.Khanna
260 _aIndia
_bContract Law Agency
300 _a5156 p.
650 _aLaw
650 _aLaw
700 _aS.L.Khanna
999 _c3184
_d3184